Fr. Conceicao Rodrigues College of Engineering

Text book of Strength of Materials (Record no. 36329)

MARC details
000 -LEADER
fixed length control field 00401nam a22001577a 4500
003 - CONTROL NUMBER IDENTIFIER
control field OSt
005 - DATE AND TIME OF LATEST TRANSACTION
control field 20260316112215.0
007 - PHYSICAL DESCRIPTION FIXED FIELD--GENERAL INFORMATION
fixed length control field 814 pages
008 - FIXED-LENGTH DATA ELEMENTS--GENERAL INFORMATION
fixed length control field 260316b |||||||| |||| 00| 0 eng d
040 ## - CATALOGING SOURCE
Transcribing agency
082 ## - DEWEY DECIMAL CLASSIFICATION NUMBER
Classification number 620.112
Item number KHU
245 ## - TITLE STATEMENT
Title Text book of Strength of Materials
Remainder of title Mechanics of solids
Statement of responsibility, etc. Khurmi,R.S
250 ## - EDITION STATEMENT
Edition statement 26
260 ## - PUBLICATION, DISTRIBUTION, ETC.
Name of publisher, distributor, etc. S.Chand
Date of publication, distribution, etc. 2023
942 ## - ADDED ENTRY ELEMENTS (KOHA)
Source of classification or shelving scheme Dewey Decimal Classification
Koha item type BOOK
Edition 26
Call number prefix 620.112
Call number suffix KHU
Suppress in OPAC No
Holdings
Withdrawn status Lost status Source of classification or shelving scheme Damaged status Not for loan Collection Home library Current library Date acquired Cost, normal purchase price Inventory number Total Checkouts Full call number Barcode Date last seen Price effective from Koha item type
    Dewey Decimal Classification     MECHANICAL Fr. Agnel's C.Rodrigues College of Engineering Fr. Agnel's C.Rodrigues College of Engineering 16/03/2026 1050.00 LIBSO1495 st 26.02.2026   620.112/KHU 27144 16/03/2026 16/03/2026 BOOK
    Dewey Decimal Classification     MECHANICAL Fr. Agnel's C.Rodrigues College of Engineering Fr. Agnel's C.Rodrigues College of Engineering 16/03/2026 1050.00 LIBSO1495 st 26.02.2026   620.112/KHU 27145 16/03/2026 16/03/2026 BOOK
    Dewey Decimal Classification     MECHANICAL Fr. Agnel's C.Rodrigues College of Engineering Fr. Agnel's C.Rodrigues College of Engineering 16/03/2026 1050.00 LIBSO1495 st 26.02.2026   620.112/KHU 27146 16/03/2026 16/03/2026 BOOK